La familia Larraín. Sus orígenes en España e historial de la rama mayor en Chile.
-д хадгалсан:
| Үндсэн зохиолч: | |
|---|---|
| Формат: | Ном |
| Хэвлэсэн: |
Santiago, Chile:
Academia Chilena de la Historia,
1982.
|
| Нөхцлүүд: | |
| Шошгууд: |
Шошго нэмэх
Шошго байхгүй, Энэхүү баримтыг шошголох эхний хүн болох!
|
MARC
| LEADER | 00000nam a22000007a 4500 | ||
|---|---|---|---|
| 003 | CL-VaPUC | ||
| 005 | 20230310093452.0 | ||
| 008 | 220722t1982 ||||| |||| 00| 0 eng d | ||
| 999 | |c 437457 |d 437455 | ||
| 040 | |c Pontificia Universidad Católica de Valparaíso | ||
| 082 | 7 | |a 929.20983 LAR 1982 |2 22 | |
| 100 | 1 | |a Larraín de Castro, Carlos |e autor |9 873751 | |
| 245 | 1 | 3 | |a La familia Larraín. |b Sus orígenes en España e historial de la rama mayor en Chile. |
| 260 | |a Santiago, Chile: |b Academia Chilena de la Historia, |c 1982. | ||
| 300 | |a 399 páginas. | ||
| 500 | |a c.1 Donación Familia Prof. Alejandro Guzmán Brito. c.2 Donación Academia Chilena de la Historia. Memo HIS/001 2023. | ||
| 583 | |c 20220722 |k GC | ||
| 600 | |a Familia Larraín |z Chile |x Genealogía |9 873808 | ||
| 600 | |a Familia Larraín |z España |x Genealogía |9 873809 | ||
| 942 | |2 ddc |c BK |n 0 | ||
| 952 | |0 0 |1 0 |2 ddc |4 0 |6 929_209830000000000_LAR_1982 |7 0 |8 C_AGB |9 585225 |a BIBDER |b BIBDER |d 2022-07-22 |e Donación |i 5653201 |o 929.20983 LAR 1982 |p 5653201 |r 2023-01-25 |t 1 |w 2022-07-22 |y BK_US |k AGB | ||
| 952 | |0 0 |1 0 |2 ddc |4 0 |6 929_209830000000000_LAR_1982 |7 0 |8 A |9 588932 |a BIBHIS |b BIBHIS |d 2023-03-10 |e Donación |i 5656580 |o 929.20983 LAR 1982 |p 5656580 |r 2023-03-10 |t 2 |w 2023-03-10 |y BK |k HIS | ||